Využitie elektrochemických metód pre štúdium vybraných biomakromolekúl

Saved in:
Bibliographic Details
Main Author: Adzimová, Viktória (Author)
Other Authors: Gál, Miroslav (Thesis advisor)
Format: Manuscript Book
Language:Slovak
Published: 2020
Subjects:
Online Access:http://is.stuba.sk/zp/portal_zp.pl?podrobnosti=150682
Tags: Add Tag
No Tags, Be the first to tag this record!

MARC

LEADER 00000ntm a22000003a 4500
001 stuzp78861
003 SK-STU
005 20200627210430.3
007 ta
008 150427s2015----xo-----f-mn---000-0-slo-d
040 |a STU  |b slo 
041 0 |a slo 
100 1 |a Adzimová, Viktória  |u 042120  |4 aut  |U FCHPT Ústav anorganickej chémie, technológie a materiálov  |T FCHPT Oddelenie anorganickej technológie  |X 76389  |U C2120  |Y 111  |7 76389 
242 0 1 |a Characterization of the selected biomacromolecules by electrochemical methods  |y eng 
245 1 0 |a Využitie elektrochemických metód pre štúdium vybraných biomakromolekúl 
260 |c 2020 
650 4 |a ortuťová elektróda  |2 slo 
650 4 |a kyselina hyalurónová  |2 slo 
650 4 |a AC voltampérometria  |2 slo 
650 4 |a Hofmeisterova séria  |2 slo 
650 4 |a hyaluronic acid  |2 eng 
650 4 |a Hofmeister series  |2 eng 
650 4 |a mercury electrode  |2 eng 
650 4 |a AC voltammetry  |2 eng 
700 1 |a Gál, Miroslav  |u 042120  |k Z1  |4 ths  |U FCHPT Ústav anorganickej chémie, technológie a materiálov  |T FCHPT Oddelenie anorganickej technológie  |X 70968  |U C2120  |Y 111  |7 A0000070968 
856 4 |u http://is.stuba.sk/zp/portal_zp.pl?podrobnosti=150682